| 000 | 00813nam a2200241Ia 4500 | ||
|---|---|---|---|
| 003 | 0 | ||
| 005 | 20250131190306.0 | ||
| 008 | 190909s9999 xx 000 0 und d | ||
| 050 |
_aPGS BF 697 _b.Oc15 2017 |
||
| 100 | _aOcampo, Jezzine. | ||
| 245 |
_aProfanity affecting the personality of SISC senior high school students / _cJezzine Ocampo. |
||
| 260 |
_aLas PiƱas City, Philippines : _bSouthville International School and Colleges, _c2017. |
||
| 300 |
_a25 p. : _bill. ; _c28 cm. |
||
| 504 | _aIncludes bibliographical references. | ||
| 650 | _aProfanity. | ||
| 650 | _aPersonality. | ||
| 650 | _aSocial behavior in adolescents. | ||
| 650 | _aAdolescent behavior. | ||
| 650 |
_aYouth _vLanguage. |
||
| 650 |
_aHigh school students _vPsychology. |
||
| 650 | _aLanguage and youth. | ||
| 942 |
_2lcc _cPASS |
||
| 999 |
_c362089 _d362089 |
||